000 00208 a2200097 4500
001 9055
100 _aQuiller-Couch, A
245 _aThe oxford book of ballads
260 _a
_bOxford
_c
090 _c7237
_d7237
942 _aNUST-CAE
_cM
_c33864
999 _c244128
_d244128